000 00358nam a2200145Ia 4500
008 231217s9999 xx 000 0 und d
041 _aEnglish
082 _a158.1 SAH;1
100 _aSahgal, Nayantara
245 0 _aTime to be happy
260 _c2002
_bJaico Publishing House,
_aMumbai
300 _aviii+276
650 _aTime,be,happy
942 _cAA
999 _c170316
_d170316